000 00522nam a2200193Ia 4500
008 101110s9999 xx 000 0 und d
041 _aENGLISH
082 _bSR14975
_a338.975
100 _aLaxmi Narain and Murty
245 _aPublic Enterprises and Fundamental Rights
365 _b55
520 _aEconomics
546 _aENGLISH
630 _aPublic Enterprises and Fundamental Rights
650 _aEconomics
655 _aEconomics
730 _aPublic Enterprises and Fundamental Rights
942 _cBOOK
999 _c808962
_d808959